東海オンエアへの出演回数TOP30 - Statistics

General Stats
  • This quiz has been taken 247 times
  • The average score is 14 of 31
Answer Stats
出演回数 人物名 % Correct
2,132回 てつや
98%
1,802回 虫眼鏡
97%
1,825回 りょう
95%
1,731回 としみつ
94%
1,594回 しばゆー
94%
1,555回 ゆめまる
94%
35回 てつや母
70%
50回 増田
68%
311回 ニトロ爆弾
67%
39回 出っ歯
62%
30回 サチオさん
55%
12回 てつや弟
55%
10回 しばゆー弟
50%
23回 射り口さん
49%
25回 豚さん
46%
6回 としみつ母
37%
26回 高岡さん
34%
5回 節子
33%
25回 御曹司
32%
5回 てつや父
32%
18回 岸田タツヤ
27%
10回 本多さん(回復や)
27%
5回 うちやまきよつぐ
14%
11回 ゆめまる嫁
9%
28回 秋山ペイソン
8%
9回 増田彼女
7%
27回 がっちゃん
6%
17回 カメちゃん
6%
19回 境宏樹(FRACTAL CEO)
6%
6回 ごわみ
4%
8回 斎藤涼介
1%
No matching quizzes found
Score Distribution
Percent of People with Each Score
Percentile by Number Answered
Your Score History
You have not taken this quiz